| 000 | 00626nam a2200229 a 4500 | ||
|---|---|---|---|
| 999 |
_c1218 _d1218 |
||
| 008 | 191211s2013 xxka|||g |||| 001 0 eng d | ||
| 020 |
_a9780750657402 _cRs. 595.00 |
||
| 040 |
_aKO _beng |
||
| 041 | 0 | _aeng | |
| 044 | _axxk | ||
| 082 | 0 | 4 |
_223 _a658.401 _bOa45 |
| 100 | 1 | _aOakland, John S. | |
| 245 | 1 | 0 |
_aTotal Quality Management : _btext with cases / _cJohn S. Oakland |
| 250 | _a3rd ed. | ||
| 260 |
_aOxon : _bRoutledge , _c2013. |
||
| 300 |
_ax, 483 p. : _bill. ; _c24 cm. |
||
| 504 | _aIncludes Index. | ||
| 650 | 0 |
_aTotal quality management _xManagement _vTextbooks |
|
| 904 | _aA_BOSE | ||
| 942 | _cBK | ||